| 000 | 00679nam a2200229Ia 4500 | ||
|---|---|---|---|
| 003 | OSt | ||
| 005 | 20220926013204.0 | ||
| 006 | a|||||r|||| 00| 0 | ||
| 007 | ta | ||
| 008 | 220923b |||||||| |||| 00| 0 eng d | ||
| 037 | _cGeneral Book | ||
| 040 |
_aRTL _cRTL _beng |
||
| 041 |
_2eng _aeng |
||
| 082 | _aX64:8, N5 | ||
| 100 |
_aThygerson Kenneth J _9317952 |
||
| 245 | 0 | _aManagement of financial institutions | |
| 260 |
_aNew York _bHarper Collins USA _c1995 |
||
| 300 |
_axxix,796p Bib p 729-47 Appendix p 729-53 Glossary p 754-74 _ccm. |
||
| 650 | _aMoney Markets | ||
| 942 |
_hX64:8, N5 _cGB _2CC |
||
| 999 |
_c625393 _d625393 |
||